000 00590cam a2200217ua 4500
001 9579
008 160225n ii |||gr||||Z||||||asm
020 _a9789382931416
040 _cMAIN
041 _aasm
082 _a891.4514
100 _aBorthakur, Satyakam,
_eEditor.
245 _aBezbaroa samagra
_ced. by Satyakam Borthakur
250 _a1st ed. /
_bV 1.
260 _aJorhat:
_bPremananda trust,
_c2015.
300 _a402p.
653 _aEast Indo-European & Celtic literatures
653 _aAssamese literature
700 _aBhatacharyya, Ajoy Kumar,
_eAuthor.
942 _cBK
999 _c8609
_d8609